[Event "World Chess Olympiad 2018"]
[Site "Batumi"]
[Date "2018.09.25"]
[Round "2"]
[Board "1"]
[WhiteFideId "13800574"]
[White "Tologontegin Semetey"]
[BlackFideId "4201345"]
[Black "Papaioannou Ioannis"]
[Result "0-1"]
[LiveChessVersion "1.4.8"]
[BlackElo "2634"]
[WhiteElo "2419"]

1. e4 {[%clk 1:30:57]} c5 {[%clk 1:30:53]} 2. Nf3 {[%clk 1:31:21]} e6
{[%clk 1:31:11]} 3. d3 {[%clk 1:31:25]} Nc6 {[%clk 1:31:07]} 4. g3
{[%clk 1:31:43]} Nge7 {[%clk 1:30:37]} 5. Bg2 {[%clk 1:32:03]} g6
{[%clk 1:31:00]} 6. h4 {[%clk 1:31:07]} h6 {[%clk 1:30:48]} 7. O-O
{[%clk 1:23:19]} Bg7 {[%clk 1:31:00]} 8. Re1 {[%clk 1:23:14]} d6 {[%clk 1:31:00]}
9. c3 {[%clk 1:21:15]} e5 {[%clk 1:30:11]} 10. Be3 {[%clk 1:20:41]} O-O
{[%clk 1:29:23]} 11. Qd2 {[%clk 1:09:47]} Kh7 {[%clk 1:27:31]} 12. d4
{[%clk 0:49:27]} exd4 {[%clk 1:20:55]} 13. cxd4 {[%clk 0:49:52]} d5
{[%clk 1:20:01]} 14. exd5 {[%clk 0:39:08]} Nxd5 {[%clk 1:20:23]} 15. dxc5
{[%clk 0:39:27]} Nxe3 {[%clk 1:15:18]} 16. Rxe3 {[%clk 0:39:46]} Bf5
{[%clk 1:14:30]} 17. Nc3 {[%clk 0:37:37]} Qxd2 {[%clk 1:04:55]} 18. Nxd2
{[%clk 0:38:00]} Bd4 {[%clk 1:03:46]} 19. Re2 {[%clk 0:33:46]} Bxc5
{[%clk 0:57:49]} 20. Nde4 {[%clk 0:33:15]} Bb4 {[%clk 0:56:10]} 21. a3
{[%clk 0:21:21]} Bxc3 {[%clk 0:52:18]} 22. Nxc3 {[%clk 0:16:30]} Rac8
{[%clk 0:52:38]} 23. Rae1 {[%clk 0:12:32]} Kg7 {[%clk 0:51:58]} 24. Rd2
{[%clk 0:03:39]} Na5 {[%clk 0:50:27]} 25. Nb5 {[%clk 0:03:56]} Nb3
{[%clk 0:39:51]} 26. Rde2 Nc1 {[%clk 0:36:45]} 27. Re7 {[%clk 0:00:49]} Nd3
{[%clk 0:37:09]} 28. R1e2 {[%clk 0:00:42]} Rfd8 {[%clk 0:36:11]} 29. Rxb7
{[%clk 0:00:49]} Rd7 {[%clk 0:33:44]} 30. Rxa7 {[%clk 0:00:41]} Rc1+
{[%clk 0:32:08]} 31. Kh2 {[%clk 0:01:08]} Rxa7 {[%clk 0:32:14]} 32. Nxa7
{[%clk 0:01:33]} Bg4 {[%clk 0:32:37]} 33. Re7 {[%clk 0:00:44]} Be6
{[%clk 0:32:51]} 34. Bh3 {[%clk 0:00:35]} Kf6 {[%clk 0:30:39]} 35. Rb7
{[%clk 0:01:02]} Bd5 {[%clk 0:30:30]} 36. Rb6+ {[%clk 0:01:30]} Kg7
{[%clk 0:30:57]} 37. Bg2 {[%clk 0:01:48]} Bxg2 {[%clk 0:29:32]} 38. Kxg2
{[%clk 0:02:15]} Rc2 {[%clk 0:30:00]} 39. b4 {[%clk 0:01:11]} Rxf2+
{[%clk 0:30:21]} 40. Kg1 {[%clk 0:31:11]} Ra2 {[%clk 1:00:32]} 41. Nb5
{[%clk 0:30:35]} Ne5 {[%clk 1:00:22]} 42. Rd6 {[%clk 0:28:19]} g5
{[%clk 0:59:29]} 43. h5 {[%clk 0:15:28]} Nc4 {[%clk 0:50:49]} 44. Rc6
{[%clk 0:10:07]} Ne3 {[%clk 0:50:05]} 45. Nd4 {[%clk 0:06:09]} Rxa3
{[%clk 0:49:12]} 46. b5 {[%clk 0:05:04]} Ra4 {[%clk 0:48:06]} 47. Rd6
{[%clk 0:04:56]} Ra2 {[%clk 0:48:23]} 48. Ra6 {[%clk 0:01:21]} Rg2+
{[%clk 0:47:53]} 49. Kh1 {[%clk 0:01:49]} Rd2 {[%clk 0:48:06]} 50. Ra3
{[%clk 0:01:00]} Rd1+ {[%clk 0:47:47]} 51. Kh2 {[%clk 0:00:58]} Ng4+
{[%clk 0:48:15]} 52. Kh3 {[%clk 0:00:57]} Rxd4 {[%clk 0:48:41]} 53. Rb3
{[%clk 0:00:41]} Nf6 {[%clk 0:48:36]} 54. b6 {[%clk 0:00:59]} Rd2
{[%clk 0:47:11]} 55. g4 {[%clk 0:01:15]} Rd8 {[%clk 0:47:24]} 56. b7
{[%clk 0:01:32]} Rb8 {[%clk 0:47:50]} 57. Kg3 {[%clk 0:01:04]} Ne4+
{[%clk 0:47:18]} 58. Kg2 {[%clk 0:01:04]} Nc5 {[%clk 0:45:49]} 59. Rb5
{[%clk 0:01:27]} Ne6 {[%clk 0:46:14]} 60. Rb6 {[%clk 0:01:28]} Kf6
{[%clk 0:46:16]} 61. Kf3 {[%clk 0:01:32]} Ke5 {[%clk 0:46:41]} 62. Rb5+
{[%clk 0:00:40]} Kd4 {[%clk 0:46:53]} 63. Rb1 {[%clk 0:00:56]} Kd5
{[%clk 0:46:48]} 64. Ke3 {[%clk 0:01:06]} Kc6 {[%clk 0:46:04]} 65. Ke4
{[%clk 0:01:31]} Rxb7 {[%clk 0:46:17]} 66. Rxb7 {[%clk 0:01:21]} Kxb7
{[%clk 0:46:43]} 67. Kf5 {[%clk 0:01:18]} Nf4 {[%clk 0:47:01]} 68. Kf6
{[%clk 0:01:41]} Nxh5+ {[%clk 0:47:23]} 69. Kxf7 {[%clk 0:01:28]} Nf4
{[%clk 0:47:49]} 70. Kg7 {[%clk 0:01:49]} Nh3 {[%clk 0:48:11]} 0-1

[Event "World Chess Olympiad 2018"]
[Site "Batumi"]
[Date "2018.09.25"]
[Round "2"]
[Board "2"]
[WhiteFideId "4202031"]
[White "Banikas Hristos"]
[BlackFideId "13801163"]
[Black "Taalaibekov Tagir"]
[Result "1-0"]
[LiveChessVersion "1.4.8"]
[BlackElo "2291"]
[WhiteElo "2601"]

1. Nf3 {[%clk 1:30:56]} Nf6 {[%clk 1:30:53]} 2. c4 {[%clk 1:31:22]} e6
{[%clk 1:31:14]} 3. g3 {[%clk 1:31:47]} b6 {[%clk 1:28:26]} 4. Bg2
{[%clk 1:32:09]} Bb7 {[%clk 1:28:46]} 5. O-O {[%clk 1:32:33]} Be7
{[%clk 1:23:51]} 6. d4 {[%clk 1:32:39]} c5 {[%clk 1:22:10]} 7. d5
{[%clk 1:30:33]} exd5 {[%clk 1:22:37]} 8. Nh4 {[%clk 1:30:00]} Ne4
{[%clk 1:15:36]} 9. Nf5 {[%clk 1:23:36]} d4 {[%clk 0:28:34]} 10. Nxg7+
{[%clk 1:20:42]} Kf8 {[%clk 0:27:44]} 11. Bh6 {[%clk 1:21:06]} Kg8
{[%clk 0:27:51]} 12. Nf5 {[%clk 1:21:32]} Bg5 {[%clk 0:23:07]} 13. e3
{[%clk 1:21:55]} Bxh6 {[%clk 0:17:25]} 14. Nxh6+ {[%clk 1:21:10]} Kf8
{[%clk 0:13:37]} 15. exd4 {[%clk 1:21:29]} Qg5 {[%clk 0:07:35]} 16. Ng4
{[%clk 1:18:06]} h5 {[%clk 0:07:43]} 17. Ne5 {[%clk 1:18:23]} h4 {[%clk 0:06:29]}
18. Qe2 {[%clk 1:18:48]} f5 {[%clk 0:02:34]} 19. Qe3 {[%clk 1:16:54]} Qf6
{[%clk 0:01:19]} 20. Nc3 {[%clk 1:15:54]} d6 {[%clk 0:01:01]} 21. Nxe4
{[%clk 1:15:34]} fxe4 {[%clk 0:00:52]} 22. Ng4 {[%clk 1:15:58]} Qf5
{[%clk 0:00:32]} 23. f3 {[%clk 1:15:53]} Qh5 {[%clk 0:00:40]} 24. fxe4+
{[%clk 1:16:10]} Ke7 {[%clk 0:00:47]} 25. Nf6 {[%clk 1:15:51]} Qg6
{[%clk 0:00:32]} 26. Nd5+ {[%clk 1:16:05]} Bxd5 {[%clk 0:00:44]} 27. exd5+
{[%clk 1:16:28]} Kd8 {[%clk 0:00:54]} 28. Qe6 {[%clk 1:16:27]} 1-0

[Event "World Chess Olympiad 2018"]
[Site "Batumi"]
[Date "2018.09.25"]
[Round "2"]
[Board "3"]
[WhiteFideId "13800337"]
[White "Abdyjapar Asyl"]
[BlackFideId "4202694"]
[Black "Mastrovasilis Dimitrios"]
[Result "1/2-1/2"]
[LiveChessVersion "1.4.8"]
[BlackElo "2594"]
[WhiteElo "2372"]

1. d4 {[%clk 1:30:50]} d5 {[%clk 1:30:52]} 2. Nf3 {[%clk 1:31:11]} Nf6
{[%clk 1:31:07]} 3. c4 {[%clk 1:31:21]} e6 {[%clk 1:31:27]} 4. Nc3
{[%clk 1:31:45]} dxc4 {[%clk 1:31:23]} 5. e3 {[%clk 1:31:47]} a6 {[%clk 1:31:32]}
6. a4 {[%clk 1:32:06]} b6 {[%clk 1:31:34]} 7. Bxc4 {[%clk 1:32:30]} Bb7
{[%clk 1:31:54]} 8. O-O {[%clk 1:32:44]} Bb4 {[%clk 1:31:32]} 9. Qe2
{[%clk 1:31:10]} O-O {[%clk 1:31:46]} 10. Rd1 {[%clk 1:30:52]} Nbd7
{[%clk 1:29:33]} 11. Bd3 {[%clk 1:30:20]} Qe7 {[%clk 1:28:16]} 12. e4
{[%clk 1:24:44]} e5 {[%clk 1:27:04]} 13. Bg5 {[%clk 1:24:14]} h6 {[%clk 1:01:09]}
14. Bh4 {[%clk 1:16:08]} Rfe8 {[%clk 0:58:28]} 15. Rac1 {[%clk 1:09:24]} exd4
{[%clk 0:46:04]} 16. Nxd4 {[%clk 1:09:38]} Bxc3 {[%clk 0:45:07]} 17. Rxc3
{[%clk 1:08:55]} Bxe4 {[%clk 0:42:26]} 18. Rxc7 {[%clk 1:03:35]} Bxd3
{[%clk 0:22:21]} 19. Qxd3 {[%clk 1:02:13]} Nc5 {[%clk 0:21:50]} 20. Rxe7
{[%clk 0:57:49]} Nxd3 {[%clk 0:22:10]} 21. Bxf6 {[%clk 0:52:23]} gxf6
{[%clk 0:22:35]} 22. Rxe8+ {[%clk 0:47:38]} Rxe8 {[%clk 0:23:02]} 23. b3
{[%clk 0:47:45]} Nc5 {[%clk 0:23:08]} 24. Kf1 {[%clk 0:46:02]} Rd8
{[%clk 0:22:17]} 25. Ke2 {[%clk 0:45:13]} h5 {[%clk 0:20:50]} 26. f3
{[%clk 0:42:49]} Kh7 {[%clk 0:19:10]} 27. Rd2 {[%clk 0:41:40]} Kg6
{[%clk 0:17:58]} 28. Kd1 {[%clk 0:41:36]} Rc8 {[%clk 0:14:04]} 29. h4
{[%clk 0:38:16]} Rc7 {[%clk 0:12:59]} 30. Rc2 {[%clk 0:35:17]} Rd7
{[%clk 0:12:28]} 31. Rd2 {[%clk 0:35:41]} Rc7 {[%clk 0:12:07]} 32. g3
{[%clk 0:30:01]} Kh7 {[%clk 0:09:58]} 33. Ne2 {[%clk 0:22:40]} Nxb3
{[%clk 0:09:46]} 34. Rd6 {[%clk 0:23:04]} Nc5 {[%clk 0:08:35]} 35. Rxb6
{[%clk 0:23:09]} Nxa4 {[%clk 0:07:47]} 36. Rxa6 {[%clk 0:22:35]} Nc3+
{[%clk 0:07:29]} 37. Nxc3 {[%clk 0:22:57]} Rxc3 {[%clk 0:07:54]} 38. Rxf6
{[%clk 0:23:23]} Kg7 {[%clk 0:08:07]} 39. Rf5 {[%clk 0:23:27]} f6
{[%clk 0:07:34]} 40. Ke2 {[%clk 0:53:47]} Kg6 {[%clk 0:35:11]} 41. Rd5
{[%clk 0:53:11]} Ra3 {[%clk 0:34:37]} 42. Kf2 {[%clk 0:53:02]} Ra4
{[%clk 0:31:59]} 43. Ke3 {[%clk 0:53:05]} Ra3+ {[%clk 0:32:04]} 44. Ke4
{[%clk 0:51:11]} Ra4+ {[%clk 0:32:04]} 45. Rd4 {[%clk 0:51:35]} Ra5
{[%clk 0:32:21]} 46. Kf4 {[%clk 0:51:46]} Rf5+ {[%clk 0:32:34]} 47. Ke3
{[%clk 0:52:11]} Re5+ {[%clk 0:32:50]} 48. Kf2 {[%clk 0:52:36]} Ra5
{[%clk 0:31:03]} 49. g4 {[%clk 0:52:54]} hxg4 {[%clk 0:30:17]} 50. fxg4
{[%clk 0:53:07]} Ra3 {[%clk 0:29:17]} 51. Rd5 {[%clk 0:52:55]} Kg7
{[%clk 0:24:36]} 52. Rd7+ {[%clk 0:52:51]} Kg6 {[%clk 0:25:03]} 53. h5+
{[%clk 0:53:11]} Kg5 {[%clk 0:19:36]} 54. Rg7+ {[%clk 0:53:33]} Kf4
{[%clk 0:20:01]} 55. h6 {[%clk 0:53:51]} Rh3 {[%clk 0:19:55]} 56. h7
{[%clk 0:53:53]} Rh2+ {[%clk 0:20:06]} 57. Kg1 {[%clk 0:54:13]} Rh4
{[%clk 0:19:43]} 58. Kf2 {[%clk 0:52:46]} Rh2+ {[%clk 0:20:01]} 59. Kg1
{[%clk 0:52:59]} Rh4 {[%clk 0:20:24]} 60. Kg2 {[%clk 0:53:25]} Rh6
{[%clk 0:20:47]} 61. Kf1 {[%clk 0:52:34]} Kf3 {[%clk 0:20:42]} 62. Kg1
{[%clk 0:52:51]} Kf4 {[%clk 0:20:05]} 63. Kg2 {[%clk 0:53:15]} Rh4
{[%clk 0:20:04]} 64. Ra7 {[%clk 0:53:33]} Rh6 {[%clk 0:19:57]} 65. Ra4+
{[%clk 0:53:43]} Kg5 {[%clk 0:20:19]} 1/2-1/2

[Event "World Chess Olympiad 2018"]
[Site "Batumi"]
[Date "2018.09.25"]
[Round "2"]
[Board "1"]
[WhiteFideId "14603152"]
[White "Borisek Jure"]
[BlackFideId "14300249"]
[Black "Cawdery Daniel"]
[Result "1-0"]
[LiveChessVersion "1.4.8"]
[BlackElo "2422"]
[WhiteElo "2578"]

1. e4 {[%clk 1:30:56]} c5 {[%clk 1:30:51]} 2. Nf3 {[%clk 1:31:18]} Nc6
{[%clk 1:31:14]} 3. Bb5 {[%clk 1:31:35]} g6 {[%clk 1:31:27]} 4. Bxc6
{[%clk 1:31:52]} bxc6 {[%clk 1:31:41]} 5. O-O {[%clk 1:32:10]} Bg7
{[%clk 1:32:04]} 6. Re1 {[%clk 1:32:24]} Nh6 {[%clk 1:31:18]} 7. c3
{[%clk 1:32:46]} O-O {[%clk 1:29:00]} 8. d4 {[%clk 1:33:11]} cxd4
{[%clk 1:23:57]} 9. cxd4 {[%clk 1:33:37]} d5 {[%clk 1:24:13]} 10. e5
{[%clk 1:34:02]} Nf5 {[%clk 1:21:09]} 11. Nc3 {[%clk 1:25:00]} f6
{[%clk 1:05:58]} 12. Na4 {[%clk 1:17:32]} fxe5 {[%clk 0:53:24]} 13. Nxe5
{[%clk 1:17:48]} e6 {[%clk 0:48:07]} 14. Nc5 {[%clk 1:08:07]} Bxe5
{[%clk 0:40:56]} 15. Rxe5 {[%clk 1:07:56]} Qh4 {[%clk 0:40:40]} 16. f4
{[%clk 0:55:18]} Rb8 {[%clk 0:36:09]} 17. a3 {[%clk 0:55:18]} Nd6
{[%clk 0:26:31]} 18. b3 {[%clk 0:54:16]} Nf7 {[%clk 0:20:26]} 19. Re1
{[%clk 0:53:55]} Nh6 {[%clk 0:20:14]} 20. Ra2 {[%clk 0:53:16]} Ng4
{[%clk 0:16:26]} 21. h3 {[%clk 0:51:47]} Nf6 {[%clk 0:16:30]} 22. Rf2
{[%clk 0:46:17]} Nh5 {[%clk 0:15:59]} 23. Re5 {[%clk 0:38:12]} Nxf4
{[%clk 0:14:22]} 24. Qf1 {[%clk 0:35:11]} g5 {[%clk 0:09:59]} 25. Rxg5+
{[%clk 0:34:54]} Qxg5 {[%clk 0:10:18]} 26. Bxf4 {[%clk 0:35:03]} Qg7
{[%clk 0:09:50]} 27. Be5 {[%clk 0:34:58]} 1-0

[Event "World Chess Olympiad 2018"]
[Site "Batumi"]
[Date "2018.09.25"]
[Round "2"]
[Board "2"]
[WhiteFideId "14300141"]
[White "Kobese Watu"]
[BlackFideId "14602296"]
[Black "Sebenik Matej"]
[Result "0-1"]
[LiveChessVersion "1.4.8"]
[BlackElo "2570"]
[WhiteElo "2344"]

1. e4 {[%clk 1:30:55]} e6 {[%clk 1:30:49]} 2. Nf3 {[%clk 1:31:15]} d5
{[%clk 1:31:03]} 3. e5 {[%clk 1:31:39]} c5 {[%clk 1:31:26]} 4. b4
{[%clk 1:32:05]} d4 {[%clk 1:30:25]} 5. b5 {[%clk 1:32:28]} Ne7 {[%clk 1:27:49]}
6. Na3 {[%clk 1:31:43]} Nd5 {[%clk 1:26:21]} 7. Nc4 {[%clk 1:26:32]} a6
{[%clk 1:26:33]} 8. bxa6 {[%clk 1:25:50]} b6 {[%clk 1:26:58]} 9. h4
{[%clk 1:24:15]} h6 {[%clk 1:20:34]} 10. Qe2 {[%clk 1:07:19]} Bxa6
{[%clk 1:18:51]} 11. Qe4 {[%clk 1:03:44]} Nc6 {[%clk 1:14:58]} 12. c3
{[%clk 0:56:26]} b5 {[%clk 0:46:40]} 13. Na3 {[%clk 0:50:04]} b4 {[%clk 0:44:46]}
14. Nc4 {[%clk 0:36:15]} bxc3 {[%clk 0:35:49]} 15. Be2 {[%clk 0:33:25]} Na5
{[%clk 0:28:09]} 16. d3 {[%clk 0:22:51]} Bb7 {[%clk 0:24:19]} 17. Nxa5
{[%clk 0:20:35]} Rxa5 {[%clk 0:23:42]} 18. O-O {[%clk 0:20:50]} Qa8
{[%clk 0:23:39]} 19. Qg4 {[%clk 0:17:12]} Rxa2 {[%clk 0:23:47]} 0-1

[Event "World Chess Olympiad 2018"]
[Site "Batumi"]
[Date "2018.09.25"]
[Round "2"]
[Board "3"]
[WhiteFideId "14604299"]
[White "Skoberne Jure"]
[BlackFideId "14300133"]
[Black "Klaasen Calvin John"]
[Result "1-0"]
[LiveChessVersion "1.4.8"]
[BlackElo "2262"]
[WhiteElo "2565"]

1. d4 {[%clk 1:30:57]} Nf6 {[%clk 1:30:47]} 2. Nf3 {[%clk 1:31:18]} g6
{[%clk 1:30:42]} 3. c4 {[%clk 1:31:24]} Bg7 {[%clk 1:31:04]} 4. g3
{[%clk 1:31:47]} O-O {[%clk 1:31:05]} 5. Bg2 {[%clk 1:32:08]} c6 {[%clk 1:22:25]}
6. O-O {[%clk 1:28:47]} d5 {[%clk 1:22:51]} 7. Qb3 {[%clk 1:29:11]} dxc4
{[%clk 1:22:41]} 8. Qxc4 {[%clk 1:29:34]} Be6 {[%clk 1:23:04]} 9. Qc2
{[%clk 1:14:56]} Bf5 {[%clk 1:10:31]} 10. Qb3 {[%clk 1:14:45]} Qb6
{[%clk 1:10:45]} 11. Nbd2 {[%clk 1:13:14]} Nbd7 {[%clk 1:05:24]} 12. Re1
{[%clk 1:10:25]} Ne4 {[%clk 0:51:01]} 13. e3 {[%clk 1:02:41]} Nxd2
{[%clk 0:46:34]} 14. Nxd2 {[%clk 1:02:47]} e5 {[%clk 0:46:13]} 15. e4
{[%clk 0:57:53]} Be6 {[%clk 0:44:12]} 16. d5 {[%clk 0:56:51]} cxd5
{[%clk 0:44:21]} 17. exd5 {[%clk 0:57:15]} Bf5 {[%clk 0:40:52]} 18. Nc4
{[%clk 0:57:26]} Qxb3 {[%clk 0:40:59]} 19. axb3 {[%clk 0:57:49]} Nc5
{[%clk 0:40:07]} 20. Be3 {[%clk 0:55:14]} Nd3 {[%clk 0:26:05]} 21. Re2
{[%clk 0:41:38]} Rfd8 {[%clk 0:19:07]} 22. Bxa7 {[%clk 0:24:45]} e4
{[%clk 0:13:22]} 23. Bxe4 {[%clk 0:23:47]} Bd4 {[%clk 0:13:24]} 24. Bxf5
{[%clk 0:18:48]} Nxf2 {[%clk 0:05:23]} 25. Bxd4 {[%clk 0:18:40]} 1-0

[Event "World Chess Olympiad 2018"]
[Site "Batumi"]
[Date "2018.09.25"]
[Round "2"]
[Board "4"]
[WhiteFideId "14300702"]
[White "Mabusela Johannes Manyedi"]
[BlackFideId "14608502"]
[Black "Markoja Boris"]
[Result "0-1"]
[LiveChessVersion "1.4.8"]
[BlackElo "2456"]
[WhiteElo "2245"]

1. d4 {[%clk 1:30:57]} d5 {[%clk 1:30:51]} 2. c4 {[%clk 1:31:22]} e6
{[%clk 1:31:16]} 3. Nc3 {[%clk 1:31:07]} Bb4 {[%clk 1:31:30]} 4. e3
{[%clk 1:29:31]} Nf6 {[%clk 1:31:50]} 5. Nge2 {[%clk 1:29:35]} dxc4
{[%clk 1:31:52]} 6. a3 {[%clk 1:29:23]} Ba5 {[%clk 1:31:22]} 7. Qa4+
{[%clk 1:28:47]} Nc6 {[%clk 1:31:02]} 8. Qxc4 {[%clk 1:27:10]} e5
{[%clk 1:29:24]} 9. dxe5 {[%clk 1:03:20]} Nxe5 {[%clk 1:29:17]} 10. Qb5+
{[%clk 1:03:04]} Nfd7 {[%clk 1:29:19]} 11. Nd4 {[%clk 0:47:47]} c6
{[%clk 1:26:22]} 12. Qa4 {[%clk 0:44:42]} O-O {[%clk 1:22:01]} 13. Be2
{[%clk 0:43:27]} c5 {[%clk 1:06:17]} 14. Nf3 {[%clk 0:32:53]} Nxf3+
{[%clk 1:05:07]} 15. gxf3 {[%clk 0:30:15]} Bxc3+ {[%clk 0:54:40]} 16. bxc3
{[%clk 0:30:40]} Ne5 {[%clk 0:54:55]} 17. Qe4 {[%clk 0:19:28]} Qf6
{[%clk 0:51:59]} 18. Bb2 {[%clk 0:19:33]} Bf5 {[%clk 0:48:24]} 19. Qf4
{[%clk 0:18:10]} Ng6 {[%clk 0:44:45]} 20. Qa4 {[%clk 0:17:47]} Rfd8
{[%clk 0:40:27]} 21. Qb3 {[%clk 0:17:39]} Nh4 {[%clk 0:24:33]} 22. Rg1
{[%clk 0:13:54]} Qd6 {[%clk 0:24:55]} 23. Rg3 {[%clk 0:12:19]} Qd2+
{[%clk 0:25:12]} 24. Kf1 {[%clk 0:12:44]} Bd3 {[%clk 0:25:18]} 25. Bxd3
{[%clk 0:11:34]} Qxd3+ {[%clk 0:25:42]} 26. Kg1 {[%clk 0:11:30]} c4
{[%clk 0:25:48]} 27. Qb5 {[%clk 0:10:54]} Qd1+ {[%clk 0:26:10]} 0-1

[Event "World Chess Olympiad 2018"]
[Site "Batumi"]
[Date "2018.09.25"]
[Round "2"]
[Board "1"]
[WhiteFideId "4800192"]
[White "Al-Ali Hussein Ali Hussein"]
[BlackFideId "12401137"]
[Black "Le Quang Liem"]
[Result "0-1"]
[LiveChessVersion "1.4.8"]
[BlackElo "2715"]
[WhiteElo "2273"]

1. e4 {[%clk 1:30:56]} c5 {[%clk 1:30:53]} 2. Nf3 {[%clk 1:31:19]} Nc6
{[%clk 1:31:16]} 3. Bb5 {[%clk 1:31:32]} g6 {[%clk 1:31:04]} 4. c3
{[%clk 1:31:14]} Nf6 {[%clk 1:31:00]} 5. e5 {[%clk 1:31:28]} Nd5 {[%clk 1:30:48]}
6. O-O {[%clk 1:31:48]} Bg7 {[%clk 1:29:27]} 7. d4 {[%clk 1:32:11]} cxd4
{[%clk 1:27:58]} 8. cxd4 {[%clk 1:31:08]} O-O {[%clk 1:28:15]} 9. Nc3
{[%clk 1:20:19]} Nxc3 {[%clk 1:23:59]} 10. bxc3 {[%clk 1:20:43]} d6
{[%clk 1:24:21]} 11. Bf4 {[%clk 1:10:01]} dxe5 {[%clk 1:23:59]} 12. dxe5
{[%clk 1:09:14]} Qc7 {[%clk 1:20:28]} 13. Re1 {[%clk 1:07:34]} Bg4
{[%clk 1:14:01]} 14. Qe2 {[%clk 1:00:57]} a6 {[%clk 1:02:33]} 15. Ba4
{[%clk 0:58:04]} Rac8 {[%clk 0:57:00]} 16. Rac1 {[%clk 0:54:56]} Na5
{[%clk 0:52:37]} 17. Bb3 {[%clk 0:53:46]} b5 {[%clk 0:45:19]} 18. h3
{[%clk 0:53:49]} Bxf3 {[%clk 0:45:15]} 19. Qxf3 {[%clk 0:54:08]} e6
{[%clk 0:45:37]} 20. h4 {[%clk 0:52:27]} Nc4 {[%clk 0:43:52]} 21. Qe2
{[%clk 0:52:07]} Rfd8 {[%clk 0:44:10]} 22. Rcd1 {[%clk 0:50:42]} Rxd1
{[%clk 0:41:57]} 23. Rxd1 {[%clk 0:45:42]} Bxe5 {[%clk 0:41:35]} 24. Bg5
{[%clk 0:37:31]} Bxc3 {[%clk 0:41:31]} 25. Qf3 {[%clk 0:30:31]} Bg7
{[%clk 0:39:30]} 26. h5 {[%clk 0:27:58]} a5 {[%clk 0:30:17]} 27. h6
{[%clk 0:27:58]} Bf8 {[%clk 0:30:10]} 28. a4 {[%clk 0:19:33]} bxa4
{[%clk 0:28:51]} 29. Ba2 {[%clk 0:19:18]} Nb6 {[%clk 0:27:39]} 30. Qg4
{[%clk 0:16:09]} Qc6 {[%clk 0:23:41]} 31. g3 {[%clk 0:13:55]} a3 {[%clk 0:23:16]}
32. Re1 {[%clk 0:11:37]} Nd5 {[%clk 0:22:56]} 33. Rc1 {[%clk 0:11:45]} Qxc1+
{[%clk 0:22:16]} 34. Bxc1 {[%clk 0:12:10]} Rxc1+ {[%clk 0:22:39]} 35. Kg2
{[%clk 0:12:14]} Rc2 {[%clk 0:22:47]} 36. Bxd5 {[%clk 0:12:34]} exd5
{[%clk 0:23:15]} 37. Qa4 {[%clk 0:12:20]} a2 {[%clk 0:23:37]} 38. Qxa5
{[%clk 0:12:19]} d4 {[%clk 0:23:55]} 39. Qa4 {[%clk 0:09:47]} d3 {[%clk 0:24:17]}
40. Kf3 {[%clk 0:39:28]} Rb2 {[%clk 0:54:07]} 41. Ke3 {[%clk 0:39:12]} d2
{[%clk 0:54:24]} 42. Ke2 {[%clk 0:39:15]} Rb1 {[%clk 0:54:42]} 0-1

[Event "World Chess Olympiad 2018"]
[Site "Batumi"]
[Date "2018.09.25"]
[Round "2"]
[Board "2"]
[WhiteFideId "12401820"]
[White "Tran Tuan Minh"]
[BlackFideId "4800249"]
[Black "Noah A .H. Al-Ali"]
[Result "1/2-1/2"]
[LiveChessVersion "1.4.8"]
[BlackElo "2276"]
[WhiteElo "2491"]

1. d4 {[%clk 1:30:45]} Nf6 {[%clk 1:30:58]} 2. c4 {[%clk 1:30:56]} e6
{[%clk 1:31:03]} 3. Nc3 {[%clk 1:29:59]} Bb4 {[%clk 1:31:17]} 4. e3
{[%clk 1:30:11]} O-O {[%clk 1:31:20]} 5. Bd3 {[%clk 1:30:28]} Re8
{[%clk 1:30:09]} 6. Nge2 {[%clk 1:30:38]} Bf8 {[%clk 1:13:01]} 7. O-O
{[%clk 1:29:52]} d6 {[%clk 1:07:27]} 8. e4 {[%clk 1:22:43]} e5 {[%clk 0:51:44]}
9. f3 {[%clk 1:22:40]} exd4 {[%clk 0:33:29]} 10. Nxd4 {[%clk 1:21:53]} c6
{[%clk 0:33:57]} 11. Kh1 {[%clk 1:15:27]} Nbd7 {[%clk 0:29:17]} 12. Bc2
{[%clk 1:11:15]} Nb6 {[%clk 0:24:12]} 13. Qd3 {[%clk 1:09:16]} Nfd7
{[%clk 0:17:55]} 14. b3 {[%clk 1:09:02]} g6 {[%clk 0:16:42]} 15. Bf4
{[%clk 1:06:35]} d5 {[%clk 0:13:58]} 16. cxd5 {[%clk 1:05:51]} cxd5
{[%clk 0:14:13]} 17. Ndb5 {[%clk 1:01:07]} Nc5 {[%clk 0:14:14]} 18. Qd2
{[%clk 1:01:15]} Ne6 {[%clk 0:13:59]} 19. Rad1 {[%clk 0:57:04]} a6
{[%clk 0:10:41]} 20. Nd4 {[%clk 0:54:53]} Nxf4 {[%clk 0:10:53]} 21. Qxf4
{[%clk 0:55:11]} Bd6 {[%clk 0:11:22]} 22. Qh6 {[%clk 0:53:19]} Qc7
{[%clk 0:07:07]} 23. Nxd5 {[%clk 0:53:10]} Nxd5 {[%clk 0:07:35]} 24. exd5
{[%clk 0:53:28]} Bd7 {[%clk 0:03:53]} 25. Be4 {[%clk 0:44:25]} Re5
{[%clk 0:03:57]} 26. g4 {[%clk 0:40:47]} Rae8 {[%clk 0:04:26]} 27. Rg1
{[%clk 0:40:47]} Qd8 {[%clk 0:03:05]} 28. Nf5 {[%clk 0:35:47]} Bf8
{[%clk 0:03:34]} 29. Qf4 {[%clk 0:36:15]} Qf6 {[%clk 0:02:05]} 30. Nh6+
{[%clk 0:16:06]} Kg7 {[%clk 0:02:34]} 31. Qd2 {[%clk 0:15:58]} Rxe4
{[%clk 0:01:42]} 32. fxe4 {[%clk 0:16:03]} Qf3+ {[%clk 0:02:11]} 33. Rg2
{[%clk 0:16:12]} Rxe4 {[%clk 0:01:44]} 34. Rc1 {[%clk 0:02:39]} Bd6
{[%clk 0:01:23]} 35. Nf5+ {[%clk 0:00:38]} Bxf5 {[%clk 0:01:41]} 36. gxf5
{[%clk 0:01:03]} Qxf5 {[%clk 0:01:24]} 37. Rf2 {[%clk 0:00:39]} Qh5
{[%clk 0:00:49]} 38. Rcf1 {[%clk 0:00:36]} f5 {[%clk 0:00:59]} 39. Qc3+
{[%clk 0:00:52]} Be5 {[%clk 0:01:10]} 40. Qc5 {[%clk 0:30:40]} Qh3
{[%clk 0:30:37]} 41. Qe7+ {[%clk 0:26:33]} Kh6 {[%clk 0:24:54]} 42. Rg1
{[%clk 0:18:42]} Qe3 {[%clk 0:16:37]} 43. Rfg2 {[%clk 0:16:01]} Qf3
{[%clk 0:11:33]} 44. Qg5+ {[%clk 0:16:13]} Kg7 {[%clk 0:12:03]} 45. Qe7+
{[%clk 0:16:34]} Kh6 {[%clk 0:12:20]} 46. Qg5+ {[%clk 0:16:48]} Kg7
{[%clk 0:12:48]} 47. Qe7+ {[%clk 0:17:09]} 1/2-1/2